| 000 | 00515nam a2200181Ia 4500 | ||
|---|---|---|---|
| 008 | 100920s9999 xx 000 0 und d | ||
| 082 |
_b38994 _a24 थ 78 |
||
| 100 | _aवर्दे मोहिनी. | ||
| 245 | _aकिन्नर. | ||
| 260 |
_bनिशांत प्रकाशन, पुणे. _c1978 |
||
| 300 |
_a174 _bसाधी |
||
| 365 | _b14 | ||
| 520 | _aसायो. | ||
| 630 | _aकिन्नर. | ||
| 650 | _aसायो. | ||
| 730 | _aकिन्नर. | ||
| 942 | _cBOOK | ||
| 999 |
_c690844 _d690841 |
||